[Event "POL-ch U16 Girls"]
[Site "Jastrzebia Gora"]
[Date "2023.??.??"]
[Round "1"]
[White "Makarec, Anna"]
[Black "Kicinska, Magdalena"]
[Result "0-1"]
[WhiteElo "1271"]
[BlackElo "1573"]
[PlyCount "76"]
[EventDate "2023.03.11"]
[EventType "swiss"]
[EventRounds "9"]
[EventCountry "POL"]
[SourceTitle "CBM 213 Extra"]
[Source "ChessBase"]
[SourceDate "2023.05.31"]
[SourceVersion "1"]
[SourceVersionDate "2023.05.31"]
[SourceQuality "1"]

1. e4 c6 2. d4 d5 3. Nc3 dxe4 4. Nxe4 Bf5 5. Ng3 Bg6 6. N1e2 e6 7. Nf4 Bd6 8. c3 Nf6 9. h4 Qc7 10. Qf3 Bxf4 11. Bxf4 Qb6 12. b3 h6 13. Bd6 Nbd7 14. Bc4 Nd5 15. h5 Bh7 16. 0-0 N7f6 17. a4 Qa5 18. b4 Qd8 19. Be5 0-0 20. Bxf6 Qxf6 21. Qxf6 Nxf6 22. Rfd1 Nd5 23. Ne2 Bf5 24. f3 Ne3 25. Bd3 Nxd1 26. Bxf5 Nxc3 27. Nxc3 exf5 28. d5 Rac8 29. dxc6 Rxc6 30. Nd5 Re8 31. Rd1 Kf8 32. Nf4 Rc4 33. g3 Rxb4 34. Rd5 Rxa4 35. Rxf5 Ra2 36. Kf1 a5 37. Ng6+ Kg8 38. Ne5 Rc8 0-1

[Event "POL-ch U16 Girls"]
[Site "Jastrzebia Gora"]
[Date "2023.??.??"]
[Round "4"]
[White "Niedorys, Karolina"]
[Black "Makarec, Anna"]
[Result "1/2-1/2"]
[WhiteElo "1458"]
[BlackElo "1271"]
[PlyCount "106"]
[EventDate "2023.03.11"]
[EventType "swiss"]
[EventRounds "9"]
[EventCountry "POL"]
[SourceTitle "CBM 213 Extra"]
[Source "ChessBase"]
[SourceDate "2023.05.31"]
[SourceVersion "1"]
[SourceVersionDate "2023.05.31"]
[SourceQuality "1"]

1. e4 e5 2. Nf3 Nc6 3. d4 exd4 4. Nxd4 Bc5 5. Nxc6 Qf6 6. Qf3 Qxf3 7. gxf3 bxc6 8. Bc4 Ne7 9. Nc3 d6 10. Ke2 Ng6 11. Be3 Bxe3 12. Kxe3 Ne5 13. Bb3 Be6 14. Ne2 a5 15. Nd4 Bd7 16. f4 Ng4+ 17. Kf3 0-0 18. Ba4 Nf6 19. Bxc6 Rab8 20. Bxd7 Nxd7 21. b3 Rfe8 22. Ne2 Nc5 23. Nc3 Rb4 24. Rhe1 Ne6 25. Ne2 g5 26. c3 Rb5 27. Nd4 Rc5 28. Nxe6 Rxe6 29. c4 Rf6 30. f5 Rh6 31. Kg3 Rh4 32. Rad1 a4 33. Rd5 Rc6 34. Ra5 axb3 35. axb3 Kg7 36. f3 Rb6 37. Re3 d5 38. f6+ Rxf6 39. Rxd5 Rh5 40. Re2 Rfh6 41. Rg2 Ra6 42. f4 Ra3 43. Rb5 h6 44. fxg5 hxg5 45. Rf2 f6 46. Rb7 Kg6 47. Rxc7 Rxb3+ 48. Kg2 Rh4 49. Re2 Rg4+ 50. Kf2 Rh3 51. Kf1 Rf3+ 52. Ke1 Rg1+ 53. Kd2 Ra1 1/2-1/2